1534 1470 1612 1297 1325 1153 1434 1687 1155 1445 1070 1525 1742 1458 1257 1799 1430 1437 1976 1721 1987 1406 1368 1809 1212 1390 1420 1035 1591 1012 1698 1640 1079 1170 1811 1356 1766 1217 1855 1658 1281 1350 1964 1863 1881 1403 1686 1706 1120 1821 1766 1729 1939 1666 1973 1862 1371 1954 1598 1890 1691 1056 1336 1142 1637 1388 1139 1935 1063 1871 1924 1290 1945 1630 1060 1021 1812 1128 1839 1606 1233 1879 1111 1450 1414 1211 1053 1633 1745 1540 1782 1557 1639 1742 1956 1955 1342 1561 1647 BCNSPRNW ULIB Ver.6.0+V

เปลี่ยนเป็นภาษาไทย

Change to English
 แสดงรายละเอียดบรรณานุกรม
  กลับหน้าหลัก

Brief Record : Get Marc (ISO 2709) : E-mail record : QR code < ปิดหน้าต่าง
LEADER : 00000nam 2200000uu 4500
001    13399120651
003     ULIB
008    121002s2550||||th 000 0 tha d
020    ^a9789747109054
050 04 ^aBF632^bก279ก
100 0  ^aกฤษฎา ขอดทอง
245 00 ^aกำลังของหัวใจ /^cกฤษฎา ขอดทอง ... [และคนอื่นๆ]
260    ^aกรุงเทพฯ :^bดวงกมลสมัย,^c2550
300    ^a142 หน้า :^bภาพประกอบ ;^c18 ซม.
650  7 ^aกำลังใจ
945    ^p140^l0^i14241
995    ^aวิภา
999 ^a ใช้งานได้ทุกระบบ
รายการนี้ยังไม่มีแท็ก
คุณยังไม่ได้ล็อกอิน คุณสามารถมีกิจกรรมร่วมกับเว็บไซต์ได้ แต่ต้องล็อกอินก่อน ::
  ล็อกอิน

รายการสื่อสารสนเทศ

ลำดับที่ ประเภท เลขเรียก/บาร์โค้ด สถานที่ สถานะ
1. การศึกษาทั่วไป
การศึกษาทั่วไป
BF632 ก279ก  
  Barcode: 14241
ห้องสมุดวิทยาเขตสวรรค์ประชารักษ์
►หนังสือทั่วไป
บนชั้น

รายการใกล้เคียง
    ผู้แต่ง [กฤษฎา ขอดทอง]

    หัวเรื่อง [กำลังใจ]

BibComment


ยังไม่เคยถูกคอมเมนท์

คอมเมนท์ทรัพยากรรายการนี้
  คอมเมนท์: กำลังของหัวใจ ก..


 Copyright 2026. Bcnsprnw @Library